banner koha

Efeito de micorrizas vesicular-arbusculares no crescimento da mandioca (Manihot esculenta Crants)em solo adubado com doses crescentes de superfosfato triplo (Registro n. 148051)

MARC details
000 -LÍDER
campo de controle de tamanho fixo 00960nas a2200301 4500
001 - NÚMERO DE CONTROLE
campo de controle BR9205938
003 - IDENTIFICADOR DO NÚMERO DE CONTROLE
campo de controle BR-BrBNA
005 - DATA E HORÁRIO DA ÚLTIMA TRANSAÇÃO
campo de controle 20231205094957.0
007 - CAMPO FIXO DE DESCRIÇÃO FÍSICA--INFORMAÇÃO GERAL
campo de controle de tamanho fixo ta
008 - CAMPO DE DADOS FIXOS--INFORMAÇÃO GERAL
campo de controle de tamanho fixo 230509b bl.|||p| |||| 00| 00por d
040 ## - FONTE DA CATALOGAÇÃO
Instituição da catalogação original BR-BrBNA
Idioma da catalogação por
Instituição que transcreveu o registro Biblioteca Nacional de Agricultura
041 ## - CÓDIGO DE IDIOMA
Código do idioma do texto/trilha sonora ou título diferente (Pt)
072 ## - CÓDIGO DE CATEGORIA DE ASSUNTO
Código de Categoria de Assunto P34; F61
100 1# - ENTRADA PRINCIPAL--NOME PESSOAL
Nome pessoal Kato, O.R.
100 1# - ENTRADA PRINCIPAL--NOME PESSOAL
Nome pessoal Correa, H.
100 1# - ENTRADA PRINCIPAL--NOME PESSOAL
Nome pessoal Siqueira, J.O.
100 1# - ENTRADA PRINCIPAL--NOME PESSOAL
Nome pessoal Souza, P. de
100 1# - ENTRADA PRINCIPAL--NOME PESSOAL
Nome pessoal Oliveira, E. de
245 1# - TÍTULO
Título Efeito de micorrizas vesicular-arbusculares no crescimento da mandioca (Manihot esculenta Crants)em solo adubado com doses crescentes de superfosfato triplo
Restante do título Parte de tese
650 ## - ASSUNTO--TERMO TÓPICO
Cabeçalho tópico ou nome geográfico Superfosfato Triplo
650 ## - ASSUNTO--TERMO TÓPICO
Cabeçalho tópico ou nome geográfico Mandioca
650 ## - ASSUNTO--TERMO TÓPICO
Cabeçalho tópico ou nome geográfico Micorriza
650 ## - ASSUNTO--TERMO TÓPICO
Cabeçalho tópico ou nome geográfico Simbiose
650 ## - ASSUNTO--TERMO TÓPICO
Cabeçalho tópico ou nome geográfico Crescimento
773 0# - ENTRADA ANALÍTICA
Título Ciencia e Pratica (Brazil)
ISSN - International Standard Serial Number ISSN 0100-3267
Partes relacionadas (Jan-Apr 1990), v. 14(1) p. 9-19
Número de controle do registro BR9205938
909 ## -
-- 202311
-- Lúcia
-- 55
-- Lúcia Elande
942 ## - ELEMENTOS DE ENTRADA ADICIONADOS (KOHA)
Fonte da classificação ou esquema de arquivamento na estante Classificação AGRIS
Ocultar no OPAC Não
Tipo de material Koha Analítica
Exemplares
Situação do descarte Fonte da classificação ou esquema de arquivamento na estante Situação física Não pode ser emprestado Biblioteca de origem Biblioteca atual Localização na estante Enumeração do periódico / cronologia Total de empréstimos Data de último acesso Número do exemplar Tipo de material Koha Fonte de aquisição
  Classificação AGRIS   Consulta local Biblioteca Nacional de Agricultura - Binagri Biblioteca Nacional de Agricultura - Binagri   (Jan-Apr 1990), v. 14(1) p. 9-19   29/11/2023 01 Periódicos Portaria Interministerial nº 164/94

BINAGRI

Telefone: (61)3218-2567/2388/3357/2097 - binagri@agro.gov.br

Ministério da Agricultura e Pecuária , Esplanada dos Ministérios, Bloco D, Anexo B, Brasília/DF, CEP: 70.043-900